Arčiau Lietuvos

Titel: Arčiau Lietuvos : filologinė Barboros Radvilaitės studija / Viktorija Daujotytė
Verfasser:
Veröffentlicht: Vilnius : Lietuvos Dailės Muziejus, 2010
Umfang: 202 Seiten : Illustrationen
Format: Buch
Sprache: Litauisch
Schlagworte:
ISBN: 9786094260124
Buchumschlag
X
Lokale Klassifikation: 2 B 627
alg: 22932817
001A    $03004:07-12-10 
001B    $03025:25-03-26 $t14:30:00.000 
001D    $03004:07-12-10 
001U    $0utf8 
001X    $00 
002@    $0Aau 
002C    $aText $btxt $2rdacontent 
002D    $aohne Hilfsmittel zu benutzen $bn $2rdamedia 
002E    $aBand $bnc $2rdacarrier 
003@    $0229328172 
003O    $0690082656 $aOCoLC 
004A    $A978-609-426-012-4 
007A    $0229328172 $aHEB 
007T    $0Herdhh229328172 
010@    $alit 
011@    $a2010 
021A    $aArčiau Lietuvos $dfilologinė Barboros Radvilaitės studija $hViktorija Daujotytė 
028A    $BVerfasser $#Daujotytė, Viktorija $#Dauiotite, Viktoriia Vatslovovna $#Dauëtite, Viktoriia $#Daujotite, Viktorija $#Pakerienė, Viktorija Daujotytė- $#Daujotitė, Viktorija $#Daujotitė, Viktorija Vaclavovna $#Daujotytė, V. $#Dauëtite, Viktorija $#Daujotytė-Pakerienė, Viktorija $#Dauiotite, Viktorija Vaclavovna $4aut $7140157662 $8Daujotytė, Viktorija$Z1945- [Tp1] $9219366500 
033A    $pVilnius $nLietuvos Dailės Muziejus 
034D    $a202 Seiten 
034M    $aIllustrationen 
044K    $RZygmunt August $#Barbara Radziwiłłówna, Consort of Sigismund II Augustus, King of Poland, 1520-1551 $#Barbara  $#Radziwiłłówna, Barbara $#Radziwiłł, Barbara $#Barbora Radvilaitė $#Barbara Radziwiłłówna $#Barbara  $7118966650 $8$PBarbara$lPolen, Königin$Z1520-1551 [Tp1] $9087306964 
045F    $a809 $eDDC23BSB 
045F/01 $a809 
045F/03 $f09031 
045F/03 $g4793 
046L    $aZusammenfassung in englischer Sprache 

lok: 22932817 24
101B    $007-12-10 $t10:49:45.000 
101C    $007-12-10 
101U    $0utf8 
145Z/01 $a2 B 627 

exp: 22932817 24 1 #EPN
201B/01 $007-12-10 $t10:51:25.000 
201C/01 $007-12-10 
201U/01 $0utf8 
203@/01 $0603392261 
208@/01 $a07-12-10 $bz 
209A/01 $a10.6671 $du $f050 $h10 6671 $x00 
209C/01 $a10.6671 T $h10 6671 T 
209G/01 $a72773918 $x00 
220C/01 $amar 
244Z/01 $#Barbara Radziwiłłówna, Consort of Sigismund II Augustus, King of Poland, 1520-1551 $#Barbara  $#Radziwiłłówna, Barbara $#Radziwiłł, Barbara $#Barbora Radvilaitė $#Barbara Radziwiłłówna $#Barbara  $7118966650 $8--Tp1--$PBarbara$lPolen, Königin$Z1520-1551 $x01 $9087306964 
247C/01 $8358050-7 Marburg, Bibliothek des Herder-Instituts Marburg $9102600961 

lok: 22932817 78

exp: 22932817 78 1 #EPN
201B/01 $019-04-17 $t21:54:43.000 
201U/01 $0utf8 
203@/01 $0793608074 
208@/01 $a12-11-16 $be 
209A/01 $a/ $f000 $x00 
220C/01 $aAnmerkung: *ng 
237A/01 $aweiterführende Signatur(en): Herder-Institut: 10.6671 
244Z/01 $2Trx $8--Trx--Monographie $x01 $9391384546 
247C/01 $82080>Marburg/Lahn, Herder-Institut, Forschungsbibliothek, Bibliographieportal $9336309341
LEADER 00000cam a2200000 c 4500
001 229328172
003 DE-603
005 20260325143000.0
007 tu
008 101207s2010 xx |||| | u00||u|lit c
020 |a 9786094260124 
035 |a (DE-599)HEB229328172 
035 |a (OCoLC)690082656 
040 |a DE-603  |b ger  |c DE-603  |d DE-603 
041 |a lit 
082 0 4 |8 1\u  |a 809  |q DE-101  |2 23/BSB 
085 |8 1\u  |b 809 
085 |8 1\u  |z 1  |s 09031 
085 |8 1\u  |z 2  |s 4793 
100 1 |a Daujotytė, Viktorija  |d 1945-  |e Verfasser  |4 aut  |0 (DE-603)219366500  |0 (DE-588)140157662  |2 gnd 
245 0 0 |a Arčiau Lietuvos  |b filologinė Barboros Radvilaitės studija  |c Viktorija Daujotytė 
264 1 |a Vilnius  |b Lietuvos Dailės Muziejus  |c 2010 
300 |a 202 Seiten  |b Illustrationen 
336 |a Text  |b txt  |2 rdacontent 
337 |a ohne Hilfsmittel zu benutzen  |b n  |2 rdamedia 
338 |a Band  |b nc  |2 rdacarrier 
546 |a Zusammenfassung in englischer Sprache 
600 0 7 |a Barbara  |c Polen, Königin  |d 1520-1551  |0 (DE-588)118966650  |0 (DE-603)087306964  |2 gnd 
924 0 |9 Mb 50  |a (DE-603)603392261  |b DE-Mb50  |c HES  |d c  |g 10.6671 
924 0 |9 2080  |a (DE-603)793608074  |b DE-2080  |c HES  |d d  |g /